Student's Grammar

Saved in:
Bibliographic Details
Main Author: Willis, Dave
Format: Book
Language:English
Published: London Collins Publ. 1991
Edition:1. ed.
Subjects:
Tags: Add Tag
No Tags, Be the first to tag this record!

MARC

LEADER 00000nam a2200000 4500
001 c001757
005 20221214102234.1
020 |a 0-00-370563-3 
041 0 |a eng 
044 |a GB 
245 1 0 |a Student's Grammar  |c Dave Willis 
250 |a 1. ed. 
264 1 |a London  |b Collins Publ.  |c 1991 
300 |a 263 s. 
610 2 0 |a angličtina 
610 2 0 |a jazykoveda 
610 2 0 |a študenti 
100 1 |a Willis, Dave